| Tag |
First Indicator |
Second Indicator |
Subfields |
| LEADER |
00000cam a2200000Ia 4500 |
| 001 |
in00003518924 |
| 005 |
20190407115827.0 |
| 006 |
m o d |
| 007 |
cr ||||||||||| |
| 008 |
110707s1959 inu ob 001 0 eng d |
| 035 |
|
|
|a (OCoLC)ocn739734464
|
| 035 |
|
|
|a (OCoLC)739734464
|
| 040 |
|
|
|a DcWaAPA
|b eng
|c UTBLW
|d VLB
|d OCLCQ
|d OCLCF
|d UtOrBLW
|
| 049 |
|
|
|a TXAM
|
| 050 |
|
4 |
|a BF121
|b .K36 1959
|
| 100 |
1 |
|
|a Kantor, J. R.
|q (Jacob Robert),
|d 1888-1984.
|
| 245 |
1 |
0 |
|a Interbehavioral psychology :
|b a sample of scientific system construction.
|
| 250 |
|
|
|a "2nd rev. ed.".
|
| 264 |
|
1 |
|a Bloomington, Ind. :
|b Principia Press,
|c 1959.
|
| 300 |
|
|
|a 1 online resource (xvi, 276 pages)
|
| 336 |
|
|
|a text
|b txt
|2 rdacontent
|
| 337 |
|
|
|a computer
|b c
|2 rdamedia
|
| 338 |
|
|
|a online resource
|b cr
|2 rdacarrier
|
| 520 |
|
|
|a "In this book, the second edition of the author's Principles of Psychology, he continues his attempt to forge naturalistic constructs (descriptions, interpretations) for psychological events. Despite the enormous development of psychology in the interval, the author still stresses the fact that psychological events are in all respects as natural as chemical reactions, electromagnetic radiation, or gravitational attraction. The attempt to transform psychology into a natural science is doubly motivated. First, there is the need to develop valid constructs for an important series of happenings. Second, such results smooth the way for workers in other sciences such as physics, physiology, and anthropology in their inevitable encounter with psychological issues"--Preface. (PsycINFO Database Record (c) 2010 APA, all rights reserved).
|
| 504 |
|
|
|a Includes bibliographical references (pages 228-231)-and indexes.
|
| 588 |
|
|
|a Description based on print version record.
|
| 500 |
|
|
|a Electronic resource.
|
| 650 |
|
0 |
|a Psychology.
|
| 650 |
|
0 |
|a Science
|x Philosophy.
|
| 650 |
|
2 |
|a Psychology.
|
| 650 |
|
2 |
|a Science
|x ethics.
|
| 650 |
|
7 |
|a Psychology.
|2 fast
|0 (OCoLC)fst01081447
|
| 650 |
|
7 |
|a Science
|x Philosophy.
|2 fast
|0 (OCoLC)fst01108336
|
| 655 |
|
7 |
|a Electronic books.
|2 local
|
| 730 |
0 |
|
|a PsycBOOKs.
|
| 776 |
1 |
8 |
|i Print version:
|a Kantor, J.R. (Jacob Robert), 1888-1984.
|t Interbehavioral psychology; a sample of scientific system construction.
|b [2d. rev. ed.].
|d Bloomington, Principia Press, 1959
|w (OCoLC)311344
|
| 856 |
4 |
0 |
|u http://proxy.library.tamu.edu/login?url=http://search.ebscohost.com/direct.asp?db=pzh&jid=200816850&scope=site
|z Connect to the full text of this electronic book
|t 0
|
| 994 |
|
|
|a 92
|b TXA
|
| 999 |
|
|
|a MARS
|
| 999 |
f |
f |
|s 28b9ba3d-94b9-307a-98ec-db195bf3acf1
|i cac23e13-7cf9-3997-beae-5b5ae05a70f7
|t 0
|
| 952 |
f |
f |
|a Texas A&M University
|b College Station
|c Electronic Resources
|d Available Online
|t 0
|e BF121 .K36 1959
|h Library of Congress classification
|
| 998 |
f |
f |
|a BF121 .K36 1959
|t 0
|l Available Online
|